Kolíska nápadov i podnetov Dnes v pracovni riaditeľa Výskumno-vývojového ústavu pre mechanizáciu stavebníctva Ing. Ervína Ružičku

Bibliographic Details
Main Authors: Ružička, Ervín (Author), Horváthová, Katarína (Author)
Format: Article
Language:Slovak
Subjects:

MARC

LEADER 00000nab a2200000 a 4500
001 vtls000080185
003 SK-MaSNL
005 20260303032239.0
008 111103c1981 xo 0 slo
015 |a SNBRB19rr/mm-uuuuu 
035 |a CL0090286 
040 |a SNKBUCL  |b slo  |c SNKBUCL  |e AACR2 
041 0 |a slo 
044 |a xo  |c SK 
080 |a 061.6  |2 1981 
080 |a 69  |2 1981 
100 1 |a Ružička, Ervín  |4 aut  |9 1014911 
245 1 0 |a Kolíska nápadov i podnetov  |b Dnes v pracovni riaditeľa Výskumno-vývojového ústavu pre mechanizáciu stavebníctva Ing. Ervína Ružičku  |c Ervín Ružička, Katarína Horváthová 
300 |b Obr. 3. 
610 7 |a Výskumno-vývojový ústav pre mechanizáciu stavebníctva (Bratislava, Slovensko)  |2 snkbucl  |9 1014912 
651 7 |a 5100  |2 snkbucl  |9 166206 
655 7 |a články z novín a časopisov  |2 snkbucl  |9 267496 
700 1 |a Horváthová, Katarína  |4 aut  |9 276754 
773 0 |t Smena na nedeľu  |g Roč. 16, č. 5 (1981), s. 1 a 4 
850 |a Slovenská národná knižnica v Martine  |a MTA001 
852 |a SNK  |b KIS3GCP 
958 |a RK 
992 |a RBX 
999 |c 1663237  |d 1665167